| 000 | 00662cam a22002171 4500 | ||
|---|---|---|---|
| 001 | l 60000070 | ||
| 003 | DLC | ||
| 005 | 20260227111546.0 | ||
| 008 | 840608s1960 xx s f000 0 eng | ||
| 010 | _al 60000070 | ||
| 035 | _a(OCoLC)21647900 | ||
| 040 |
_aDLC _cCU _dOAk _dDLC |
||
| 042 | _apremarc | ||
| 043 | _an-us--- | ||
| 050 | 0 | 0 |
_aHD8064 _b.A52 1960b |
| 110 | 1 |
_aUnited States. _bBureau of Labor Statistics. |
|
| 245 | 0 | 0 |
_aGuide to area employment statistics; _bemployment, hours and earnings, area definitions. |
| 260 |
_a[Washigton] _c1960. |
||
| 300 |
_aiii, 227 p. _c26 cm. |
||
| 650 | 0 |
_aLabor and laboring classes _zUnited States _xStatistics |
|
| 999 |
_c37027 _d37027 |
||